LEADER 01570nam a2200277 u 4500 001 000000108836 003 CaOOAMICUS 005 20071217150705.0 008 071217s2007 it u000 u ita u 020 $z978-88-13-27215-9* 040 $aPUL$bita$dBc 245 02$aI costituzionalisti e la tutela dei diritti nelle corti europee :$bil dibattito nelle riunioni dell'osservatorio costituzionale presso la LUISS "Guido Carli" dal 2003 al 2005 /$ca cura di Sergio P. Panunzio. 260 $aPadova :$bCEDAM,$c2007. 300 $axviii, 771 p. ;$c24 cm. 490 1 $aCollana di studi ;$v1. 650 4$aDiritto costituzionale$zEuropa.$0(OLS)http://pul/subject/28011 650 4$aTutela dei diritti.$0(OLS)http://pul/subject/17090 700 1 $aPanunzio, Sergio P.$0(OLS)http://pul/name/66675 710 2 $aLibera università internazionale degli studi sociali (Roma).$0(OLS)http://pul/name/29249 830 0$aCollana di studi (LUISS "Guido Carli". Dipartimento di Scienze giuridiche) ;$v1.$0(OLS)http://pul/title/136926 850 $aPUL 852 $aPUL$W1$xSL Diritto e Scienze Sociali 3$y79$m340 COLL 1.1$j124201$qDDC 21$B123038$CPULBib$Z2$F123038 $H105858 $82 941 1 $a9 996 $6020$z978-88-13-27215-9*$9(OLS)http://pul/number/136553 996 $6245$aI costituzionalisti e la tutela dei diritti nelle corti europee :$bil dibattito nelle riunioni dell'osservatorio costituzionale presso la LUISS "Guido Carli" dal 2003 al 2005$9(OLS)http://pul/title/136925 996 $6260$aPadova :$bCEDAM$9(OLS)http://pul/publisher/48126 LEADER 01534naa a2200289 u 4500 001 000000108302 003 CaOOAMICUS 005 20130530115337.0 008 071120s1980 gw u000 u ger u 020 $a3-402-03914-1 040 $aPUL$bita$dLDB 041 0 $ager$alat 100 1 $aKrämer, Werner,$d1940-2025.$0(OLS)http://pul/name/22674 245 10$aKonsens und rezeption :$bVerfassungsprinzipien der Kirche im Basler Konziliarismus /$cWerner Krämer ; mit edition ausgewählter Texte. 260 $aMünster :$bAschendorff,$c1980. 300 $avii, 477 p. ;$c23 cm. 490 1 $aBeiträge zur Geschichte der Philosophie und Theologie des Mittelalters$aTexte und Untersuchungen$aNeue Folge ;$v19 504 $aBibliografia: p. [440]457. 546 $aTesto in tedesco, con brani degli atti del Concilio in latino. 611 24$aConcilium Basileense$d(1431-1449).$0(OLS)http://pul/subject/1202 830 0$aBeiträge zur Geschichte der Philosophie und Theologie des Mittelalters.$pTexte und Untersuchungen.$pNeue Folge ;$v19.$0(OLS)http://pul/title/35517 850 $aPUL 852 $aPUL$W1$xSL Religione 2$y84$mTheol A2 44.19$j123345$qStampati Altre Collocazioni$B122313$CPULBib$Z2$F122313 $H48342 $82 941 1 $a10 996 $6020$a3-402-03914-1$9(OLS)http://pul/number/136285 996 $6245$aKonsens und rezeption :$bVerfassungsprinzipien der Kirche im Basler Konziliarismus$9(OLS)http://pul/title/136302 996 $6260$aMünster :$bAschendorff$9(OLS)http://pul/publisher/48290